| 000 | 00918nam a2200253 4500 | ||
|---|---|---|---|
| 001 | 329954 | ||
| 005 | 19730813000000.0 | ||
| 008 | 730807s1973 maua b 001 0 eng | ||
| 010 | _a 75164648 | ||
| 040 |
_aDLC _cDLC _dDLC |
||
| 050 | 0 | 0 |
_aTN673 _b.G37 |
| 082 | 0 | 0 |
_a669 _bGEI |
| 100 | 1 |
_aGeiger, Gordon Harold, _d1937- _96171 |
|
| 245 | 1 | 0 |
_aTransport phenomena in metallurgy _c[by] G. H. Geiger [and] D. R. Poirier. |
| 260 |
_aReading, Mass., _bAddison-Wesley Pub. Co., _c1973 |
||
| 300 |
_axxi, 616 p. _billus. _c25 cm. |
||
| 490 | 0 | _aAddison-Wesley series in metallurgy and materials | |
| 504 | _aIncludes bibliographical references. | ||
| 650 | 0 |
_aMetallurgy. _96172 |
|
| 650 | 0 |
_aTransport theory. _96173 |
|
| 700 | 1 |
_aPoirier, D. R., _ejoint author. _96174 |
|
| 942 |
_2ddc _cBB |
||
| 999 |
_c11831 _d11831 |
||